| 000 | 00000nam##2200000za#4500 |
| 001 | 9.603016 |
| 003 | CaOODSP |
| 005 | 20240212134142 |
| 007 | cr ||||||||||| |
| 008 | 150406|2002||||xxc|||||o f|0| 0 fre|d |
| 040 | |aCaOODSP|bfre |
| 043 | |an-cn--- |
| 086 | 1 |aNE22-5/2002-1F-PDF |
| 110 | 1 |aCanada. |bOffice national de l'énergie. |
| 245 | 10|aDécision et ordonnance relativement à Westcoast Energy Inc. règlement visant les droits de 2002-2003 |h[ressource électronique] |
| 246 | 1 |iTitre de renvoi : |aWestcoast Energy Inc. |
| 260 | |aCalgary - Alberta : |bOffice national de l'énergie |cSeptembre 2002. |
| 300 | |a32p.|btableaux |
| 490 | 1 |aMotifs de décision |
| 500 | |aLe nº de catalogue (NE22-5/200-1F) et l'ISBN (0-662-87744-6) copiés dans cette édition électronique sont incorrects. |
| 590 | |a12-11-Supp|b2012-03-27 |
| 775 | 08|tDecision and order in the matter of Westcoast Energy Inc. settlement for 2002 and 2003 tolls |w(CaOODSP)9.572688 |
| 776 | 0#|tWestcoast Energy Inc. - règlement visant les droits de 2002-2003 |w(CaOODSP)9.626010 |
| 830 | #0|aMotifs de décision (Canada. Office national de l'énergie)|w(CaOODSP)9.500899 |
| 856 | 40|ahttp://publications.gc.ca|qPDF|s163 Ko|uhttps://publications.gc.ca/collections/collection_2011/one-neb/NE22-5-2002-1-fra.pdf |